000 00469nam a2200193Ia 4500
008 210210b2002 xxu||||| |||| 00| 0 eng d
082 _a658.15 SAXB
100 _aSAXENA (V K)
245 _aBasics of financial management
260 _aND
_bSultan Chand & Sons
_c2002
300 _aB8.15,iv
650 _aof
650 _amanagement
650 _afinancial
650 _aBasics
690 _aFinancial Management
700 _aVASHIST (C D)
906 _a059628
999 _c106518
_d106518